| 000 | 02615nam1a2200385 4500 | ||
|---|---|---|---|
| 001 | RU\NLR\BIBL_A\022753909 | ||
| 005 | 20260408151928.0 | ||
| 010 |
_a978-5-209-12646-1 _9100 |
||
| 035 | _a(NLR Aleph) 022753909 | ||
| 090 |
_a13644158 _c13644158 |
||
| 100 | _a20260316d2025 k y0rusy50 ca | ||
| 101 | 0 |
_arus _deng |
|
| 102 | _aRU | ||
| 105 | _a||||z|||1|||| | ||
| 181 | 0 |
_ai3 _baxxe |
|
| 182 | 0 | _an | |
| 200 | 1 |
_aАктуальные проблемы экологии и природопользования _eсборник трудов XXVI Международной научно-практической конференции, Москва, 25-27 апреля 2025 г. _eв трех томах _fМинистерство науки и высшего образования Российской Федерации, Федеральное государственное автономное образовательное учреждение высшего образования "Российский университет дружбы народов имени Патриса Лумумбы" _gредакционная коллегия: ответственный редактор: кандидат физико-математических наук, доцент Т. Н. Ледащева [и др.] |
|
| 203 |
_aТекст _bвизуальный _cнепосредственный |
||
| 210 |
_aМосква _cРоссийский университет дружбы народов _d2025 |
||
| 215 | _d21 | ||
| 300 | _aРез. англ. | ||
| 320 | _aБиблиогр. в конце ст. | ||
| 606 | 1 |
_aЭкология _jСъезды, совещания и т.п _9939347 _3RU\NLR\AUTH\6628592 |
|
| 606 | 1 |
_aПриродные ресурсы _jСъезды, совещания и т.п _xИспользование _91518050 _3RU\NLR\AUTH\66659647 |
|
| 686 | 1 | _aЕ081я431(0) | |
| 686 | 1 | _aУ04(0)1я431 | |
| 702 | 1 |
_aЛедащева _bТ. Н. _gТатьяна Николаевна _4340 |
|
| 711 | 1 | 2 |
_a"Актуальные проблемы экологии и природопользования", международная научно-практическая конференция _d26 _f2025 _eМосква _3RU\NLR\AUTH\880640341 _92701736 |
| 712 | 0 | 2 |
_4475 _aРоссийский университет дружбы народов им. Патриса Лумумбы _9856185 _3RU\NLR\AUTH\880595363 |
| 852 |
_aNLR _j2026-3/5110 |
||
| 942 | _cBOOK | ||
| 980 | _aNB | ||